[Event "XIII MIEDZYNARODOWY FESTIWAL SZACHOWY PERLA BALTYKU - GRUPA A"]
[Site "LAZY - OW BRYZA"]
[Date "1899-12-30"]
[Round "3.19"]
[White "Wysocki, Mieczyslaw"]
[Black "Zadkowski, Zbigniew"]
[Result "1/2-1/2"]
[WhiteTitle "I"]
[BlackTitle "II"]
[WhiteElo "1702"]
[BlackElo "1584"]

1. g3 d6 2. Bg2 e5 3. d3 Nf6 4. Nc3 g6 5. e4 Bg7 6. Nge2 O-O 7. O-O Nc6 8. Bg5
h6 9. Bd2 Be6 10. f4 Bg4 11. Qc1 Kh7 12. h3 Bd7 13. fxe5 dxe5 14. g4 Bxg4 15.
hxg4 Nxg4 16. Be1 Bf6 17. Nd5 Bg5 18. Qb1 Nd4 19. Nxd4 exd4 20. Qd1 h5 21. Bf3
Be3+ 22. Kg2 c6 23. Bxg4 cxd5 24. Bxh5 Qg5+ 25. Bg4 f5 26. exf5 gxf5 27. Rh1+
Kg7 28. Bg3 fxg4 29. Rh4 Rf3 30. Rxg4 Qxg4 31. Qxf3 Qxf3+ 32. Kxf3 Rf8+ 33. Ke2
Re8 34. Kf3 Rf8+ 35. Kg4 Kg6 36. Rh1 Rf5 37. Rh2 b5 38. Rg2 a5 39. Kh3 Rf3 40.
Kh4 Kf5 41. Bc7 Bf2+ 42. Bg3 Be3 43. Bc7 a4 44. Rh2 Bf2+ 45. Kh5 Bg1 46. Rh1 Bf2
47. Kh6 Be3+ 48. Kg7 Ke6 49. Bb6 Rf7+ 50. Kg6 Rb7 51. Ba5 Rb8 52. Re1 Rg8+ 53.
Kh7 Rg2 54. c3 Kf7 55. Rf1+ Bf2 56. Kh6 Kf6 57. Bd8+ Ke6 58. Bb6 Be3+ 59. Kh5
Rxb2 60. cxd4 Rh2+ 61. Kg4 Bh6 62. Re1+ Kd7 63. Re5 Rg2+ 64. Kf3 Rg5 65. Bc5 Rxe5
66. dxe5 Ke6 67. d4 Bg5 68. Ke2 Bd8 69. Kd3 Ba5 70. a3 Kf5 71. Kc2 Ke6 72. Kd3
1/2-1/2

[Event "XIII MIEDZYNARODOWY FESTIWAL SZACHOWY PERLA BALTYKU - GRUPA A"]
[Site "LAZY - OW BRYZA"]
[Date "1899-12-30"]
[Round "3.20"]
[White "Kostecka, Marika"]
[Black "Plocica, Krzysztof"]
[Result "1-0"]
[WhiteTitle "I++"]
[BlackTitle "II"]
[WhiteElo "1809"]
[BlackElo "1439"]

1. e4 e5 2. Nf3 Nf6 3. Nc3 Bb4 4. Nxe5 O-O 5. Bc4 d6 6. Nd3 Bxc3 7. dxc3 Nxe4 8.
Qf3 d5 9. Bb3 b6 10. O-O Bb7 11. Re1 Nd7 12. c4 dxc4 13. Bxc4 Nd6 14. Bd5 Bxd5
15. Qxd5 Nf6 16. Qc6 Rc8 17. Bg5 h6 18. Bh4 Re8 19. Nb4 Nde4 20. Rad1 Qe7 21.
Nd5 Qe6 22. Qxe6 Rxe6 23. Bxf6 Nxf6 24. Ne7+ Rxe7 25. Rxe7 Kf8 26. Re3 c5 27.
Ra3 Rc7 28. c4 Nd7 29. Ra4 Ne5 30. f4 Nc6 31. Ra3 Nd4 32. Re3 f6 33. a3 a5 34.
Kf2 Kf7 35. b4 axb4 36. axb4 Nc2 37. Red3 Nxb4 38. Rd7+ Rxd7 39. Rxd7+ Kg6 40.
Rb7 Nd3+ 41. Kf3 Nb2 42. Rxb6 Nxc4 43. Rc6 Nd2+ 44. Ke2 Ne4 45. Ke3 Nc3 46. Rxc5
Na4 47. Rb5 Nc3 48. Ra5 Nd1+ 49. Kf3 Nb2 50. g4 Nc4 51. Rd5 Nb6 52. Rb5 Nd7 53.
Rb7 1-0

[Event "XIII MIEDZYNARODOWY FESTIWAL SZACHOWY PERLA BALTYKU - GRUPA A"]
[Site "LAZY - OW BRYZA"]
[Date "1899-12-30"]
[Round "3.21"]
[White "Pietras, Maksymilian"]
[Black "Zerafa, Patrick"]
[Result "1/2-1/2"]
[WhiteTitle "II+"]
[BlackTitle "CM"]
[WhiteElo "1615"]
[BlackElo "2046"]

1. d4 Nf6 2. c4 g6 3. Nc3 Bg7 4. e4 d6 5. Nf3 O-O 6. Be2 e5 7. dxe5 dxe5 8. Qxd8
Rxd8 9. Bg5 c6 10. Nxe5 Re8 11. O-O-O h6 12. Bxf6 Bxf6 13. Ng4 Bg7 14. Rd6 Be6
15. Ne3 Be5 16. Rd2 h5 17. Kc2 Bf4 18. Ncd1 Na6 19. g3 Bh6 20. f4 Nc5 21. Bf3
Rad8 22. Rxd8 Rxd8 23. h4 1/2-1/2

[Event "XIII MIEDZYNARODOWY FESTIWAL SZACHOWY PERLA BALTYKU - GRUPA A"]
[Site "LAZY - OW BRYZA"]
[Date "1899-12-30"]
[Round "3.22"]
[White "Karpinski, Andrzej"]
[Black "Pisarek, Jan"]
[Result "1-0"]
[WhiteTitle "I"]
[BlackTitle "II"]
[WhiteElo "1658"]
[BlackElo "1318"]

1. c4 e5 2. Nc3 Nf6 3. Nf3 Nc6 4. g3 d5 5. cxd5 Nxd5 6. d3 Nb6 7. Bg2 Bd6 8. O-O
O-O 9. a3 a5 10. Be3 Be6 11. Ng5 Qd7 12. Nxe6 Qxe6 13. Rc1 Kh8 14. Bxb6 cxb6 15.
Nb5 Rac8 16. Qa4 f5 17. Rc4 g5 18. Nxd6 Qxd6 19. Rfc1 Rf6 20. Qb5 Qc7 21. R1c3
f4 22. g4 h5 23. Bf3 hxg4 24. Bxg4 Rd8 25. Re4 Re8 26. b4 Qd8 27. bxa5 Nd4 28.
Qb2 bxa5 29. Qxb7 Rh6 30. Rc8 Qxc8 31. Bxc8 Rc6 32. Rxd4 Rc1+ 33. Kg2 exd4 34.
Bf5 1-0

[Event "XIII MIEDZYNARODOWY FESTIWAL SZACHOWY PERLA BALTYKU - GRUPA A"]
[Site "LAZY - OW BRYZA"]
[Date "1899-12-30"]
[Round "3.23"]
[White "Kabacinski, Krzysztof"]
[Black "Mazalon, Mariusz"]
[Result "1/2-1/2"]
[WhiteTitle "II"]
[BlackTitle "k"]
[WhiteElo "1556"]
[BlackElo "2050"]

1. f4 Nf6 2. Nf3 g6 3. g3 Bg7 4. Bg2 d6 5. d3 Nc6 6. O-O e5 7. fxe5 dxe5 8. Nc3
O-O 9. Kh1 h6 10. Ng1 Be6 11. Bxc6 bxc6 12. e4 Nd7 13. Be3 f5 14. Qd2 Kh7 15.
Qe2 Qe7 16. a3 a5 17. Na4 Qd6 18. Rad1 f4 19. Bf2 c5 20. h3 h5 21. Kh2 Bh6 22.
Nf3 g5 23. gxf4 exf4 24. Nxg5+ Bxg5 25. Qxh5+ Bh6 26. Nxc5 Rg8 27. Nxe6 Qxe6 28.
Rg1 a4 29. Rxg8 Rxg8 30. Rg1 Rxg1 31. Bxg1 Ne5 32. Bd4 Ng6 33. Bc3 Qd6 34. d4
Qa6 35. Qf3 Nh4 36. Qg4 f3 37. Kg3 Qd6+ 38. e5 Qg6 39. Qxg6+ Kxg6 40. Be1 Nf5+
41. Kxf3 Nxd4+ 42. Ke4 Nxc2 43. Bc3 Kf7 1/2-1/2

[Event "XIII MIEDZYNARODOWY FESTIWAL SZACHOWY PERLA BALTYKU - GRUPA A"]
[Site "LAZY - OW BRYZA"]
[Date "1899-12-30"]
[Round "3.24"]
[White "Gorkiewicz, Mateusz"]
[Black "Lazniewski, Tadeusz"]
[Result "1-0"]
[WhiteTitle "II+"]
[BlackTitle "II"]
[WhiteElo "1764"]
[BlackElo "1401"]

1. e4 e5 2. Nf3 Nc6 3. d4 exd4 4. Nxd4 Nf6 5. Nc3 Bb4 6. Nxc6 bxc6 7. Bd3 d5 8.
exd5 cxd5 9. O-O O-O 10. Bg5 c6 11. Qf3 Be7 12. Rae1 Be6 13. Ne2 Rb8 14. Nd4 Bd7
15. Bf5 c5 16. Bxd7 Qxd7 17. Nf5 Rfe8 18. Rxe7 Rxe7 19. Bxf6 Re6 20. Qg3 g6 21.
Qxb8+ Re8 22. Nh6+ Kf8 23. Qf4 Qe6 24. Ng4 Rc8 25. h3 h5 26. Nh2 d4 27. Nf3 Qf5
28. Qxf5 gxf5 29. Re1 Rb8 30. b3 a6 31. Ne5 1-0

[Event "XIII MIEDZYNARODOWY FESTIWAL SZACHOWY PERLA BALTYKU - GRUPA A"]
[Site "LAZY - OW BRYZA"]
[Date "1899-12-30"]
[Round "3.25"]
[White "Starosta, Martyna"]
[Black "Pisarek, Elzbieta"]
[Result "1/2-1/2"]
[WhiteTitle "WCM"]
[BlackTitle "I"]
[WhiteElo "1591"]
[BlackElo "1397"]

1. e4 c5 2. Nf3 d6 3. c3 Nf6 4. Be2 g6 5. O-O Bg7 6. d3 O-O 7. h3 Nc6 8. Be3 Bd7
9. Nbd2 Rc8 10. a3 a5 11. d4 cxd4 12. cxd4 d5 13. e5 Ne8 14. Qb3 Nc7 15. Nh2 f6
16. f4 f5 17. Nhf3 Rb8 18. Bf2 Kh8 19. Ng5 h6 20. Ngf3 Be8 21. Be3 Bd7 22. Qd1
Ne6 23. Nb1 Be8 24. Nc3 b6 25. Qb3 Nc7 26. Rac1 Kh7 27. Rc2 Na7 28. Rcc1 Nc6 29.
Nb5 Nxb5 30. Bxb5 Na7 31. Bxe8 Rxe8 32. Bf2 e6 33. Rc2 Qd7 34. Rfc1 Rec8 35. Nh4
Rxc2 36. Rxc2 Rc8 37. g4 Rxc2 38. Qxc2 Qc6 39. Qd1 Qe8 40. Qc2 Qc6 41. Qxc6 Nxc6
42. Kf1 Bf8 43. Ke2 b5 44. Kd3 Be7 45. Be1 Bd8 46. gxf5 gxf5 47. Nf3 Kg7 48. Nd2
Kf7 49. Nb3 Ke7 50. Bh4+ Ke8 51. Bf2 Kf7 52. Nc5 Be7 53. Nb3 Bd8 54. Nc5 Be7 55.
Nb7 a4 56. Be1 Ke8 57. Nc5 Kf7 58. Nd7 Ke8 59. Nc5 Kf7 60. Ke3 1/2-1/2

[Event "XIII MIEDZYNARODOWY FESTIWAL SZACHOWY PERLA BALTYKU - GRUPA A"]
[Site "LAZY - OW BRYZA"]
[Date "1899-12-30"]
[Round "3.26"]
[White "Bucko, Wieslaw"]
[Black "Bialek, Alicja"]
[Result "1-0"]
[WhiteTitle "II"]
[BlackTitle "I"]
[WhiteElo "1549"]
[BlackElo "1367"]

1. d4 Nf6 2. c4 e6 3. Nc3 Bb4 4. Nf3 b6 5. a3 Bxc3+ 6. bxc3 Bb7 7. Bg5 O-O 8. e3
h6 9. Bh4 d6 10. Be2 Nbd7 11. O-O Rc8 12. Re1 c5 13. Nd2 Qc7 14. Rc1 Ne4 15. Nxe4
Bxe4 16. f3 Bb7 17. e4 d5 18. cxd5 exd5 19. e5 c4 20. f4 b5 21. Bg4 a5 22. f5
b4 23. axb4 axb4 24. Be7 b3 25. Bd6 Qb6 26. f6 g6 27. Bxd7 Rcd8 28. Bc5 Qa5 29.
Bb4 Qb6 30. Qd2 Kh7 31. Bxf8 Rxf8 32. Qb2 Qc7 33. Bg4 Ra8 34. Ra1 h5 35. Rxa8
Bxa8 36. Bf3 Bc6 37. e6 Qd8 38. e7 Qa8 39. Bxd5 Bxd5 40. e8=Q Qxe8 41. Rxe8 Be6
42. Rd8 h4 43. Qf2 h3 44. Qh4# 1-0

[Event "XIII MIEDZYNARODOWY FESTIWAL SZACHOWY PERLA BALTYKU - GRUPA A"]
[Site "LAZY - OW BRYZA"]
[Date "1899-12-30"]
[Round "3.27"]
[White "Bochniak, Jakub"]
[Black "Dluzynski, Krzysztof"]
[Result "0-1"]
[WhiteTitle "III"]
[BlackTitle "II"]
[WhiteElo "1352"]
[BlackElo "1547"]

1. e4 c6 2. d4 d5 3. exd5 cxd5 4. Bb5+ Bd7 5. Bxd7+ Qxd7 6. Nf3 Nc6 7. Nc3 e6 8.
a3 a6 9. Bg5 Bd6 10. Bh4 Nge7 11. Bg3 Nf5 12. Ne5 Bxe5 13. Bxe5 Nxe5 14. dxe5
O-O 15. Qg4 Rac8 16. O-O-O Qc7 17. Qf4 d4 18. Rxd4 Nxd4 19. Qxd4 Rfd8 20. Qe3
Qc5 21. Qf3 b5 22. Qe2 Rd4 23. Rd1 Rxd1+ 24. Kxd1 Rd8+ 25. Kc1 Qd4 26. g3 Rc8
27. Nd1 Rc5 28. f4 a5 29. c3 b4 30. axb4 axb4 31. Kc2 bxc3 32. Nxc3 Qa4+ 33. Kb1
Qb3 34. Qa6 h6 35. Qd3 Rd5 36. Qc2 Qxc2+ 37. Kxc2 Rd4 38. Nb5 Re4 39. Nc3 Re1
40. Kd2 Rh1 41. h4 Rh2+ 42. Ne2 Kf8 43. b4 Ke8 44. Ke3 Kd7 45. Nd4 Rg2 46. Ne2
Kc6 47. Kf3 Rh2 48. h5 Kb5 49. g4 Kxb4 50. Nd4 Kc5 51. Ke4 Rh4 52. Ne2 Rxg4 53.
Kf3 Rh4 54. Ng3 Kd5 55. f5 Kxe5 56. fxe6 fxe6 57. Ke3 Rh3 58. Kf3 Rxg3+ 59. Kxg3
0-1

[Event "XIII MIEDZYNARODOWY FESTIWAL SZACHOWY PERLA BALTYKU - GRUPA A"]
[Site "LAZY - OW BRYZA"]
[Date "1899-12-30"]
[Round "3.28"]
[White "Budrewicz, Henryk"]
[Black "Szeliga, Sebastian"]
[Result "1/2-1/2"]
[WhiteTitle "I"]
[BlackTitle "II"]
[WhiteElo "1488"]
[BlackElo "1310"]

1. d4 Nf6 2. e3 e6 3. Bd3 b6 4. f4 Bb7 5. Nf3 Be7 6. Nbd2 d6 7. O-O Nbd7 8. b3
c5 9. Bb2 Rc8 10. Qe2 Qc7 11. Rac1 O-O 12. c4 Qb8 13. a4 Qa8 14. h3 Ne4 15. Kh2
Ndf6 16. g4 Nxd2 17. Nxd2 Ne4 18. Nf3 h6 19. h4 Nf6 20. Nd2 Ne4 21. Nf3 Nf6 22.
Kg3 Bxf3 23. Qxf3 Qxf3+ 24. Rxf3 Nd7 25. g5 h5 26. f5 exf5 27. Bxf5 Rc7 28. Rcf1
g6 29. Bh3 Nb8 30. d5 Nd7 31. Bxd7 Rxd7 32. e4 Bd8 33. Kg2 Re8 34. Re3 Bc7 35.
Bf6 Bd8 36. Bc3 Bc7 37. Rfe1 Kf8 38. Kf3 Rde7 39. Bf6 Rd7 40. Kf4 Bd8 41. Bxd8
Rexd8 42. e5 dxe5+ 43. Rxe5 a5 44. R1e4 Rb8 45. Re2 Rbd8 46. Rd2 Rd6 47. Re4 R8d7
48. Rde2 Rd8 49. Re7 R6d7 50. Rxd7 Rxd7 51. Re4 Rd6 52. Re5 Rd7 1/2-1/2

[Event "XIII MIEDZYNARODOWY FESTIWAL SZACHOWY PERLA BALTYKU - GRUPA A"]
[Site "LAZY - OW BRYZA"]
[Date "1899-12-30"]
[Round "4.1"]
[White "Kaczmarek, Aleksander"]
[Black "Sernecki, Franciszek"]
[Result "1-0"]
[WhiteTitle "FM"]
[BlackTitle "I"]
[WhiteElo "2363"]
[BlackElo "2039"]

1. e4 d6 2. d4 Nf6 3. Bd3 e5 4. c3 d5 5. dxe5 Nxe4 6. Nd2 Bc5 7. Bxe4 dxe4 8. Nxe4
Qxd1+ 9. Kxd1 Bb6 10. Ne2 O-O 11. N2g3 Nd7 12. f4 Nc5 13. Nxc5 Bxc5 14. f5 Rd8+
15. Kc2 Bf2 16. f6 Bxg3 17. hxg3 Bf5+ 18. Kb3 gxf6 19. exf6 Rd6 20. a4 Rxf6 21.
Ka3 Be4 22. Bf4 Bxg2 23. Rh2 Bc6 24. Re1 Re8 25. Rxe8+ Bxe8 26. Bxc7 Rc6 27. Be5
f6 28. Bd4 Ra6 29. b3 b5 30. Re2 Bc6 31. Re6 bxa4 32. b4 f5 33. Rf6 Bb5 34. Rxa6
Bxa6 35. Kxa4 Kf7 36. Bxa7 Ke7 37. b5 Bb7 38. c4 Kd6 39. Ka5 Kc7 40. Bb6+ Kd7
41. Be3 Be4 42. Kb6 Kc8 43. c5 Bd3 44. Bf4 h5 45. c6 Be2 46. Kc5 1-0

[Event "XIII MIEDZYNARODOWY FESTIWAL SZACHOWY PERLA BALTYKU - GRUPA A"]
[Site "LAZY - OW BRYZA"]
[Date "1899-12-30"]
[Round "4.2"]
[White "Kapral, Krzysztof"]
[Black "Wozniak, Mariola"]
[Result "0-1"]
[WhiteTitle "k"]
[BlackTitle "WIM"]
[WhiteElo "1939"]
[BlackElo "2204"]

1. d4 f5 2. c4 Nf6 3. Nc3 g6 4. e3 Bg7 5. f4 e6 6. Nf3 b6 7. Be2 Bb7 8. Qb3 Qe7
9. Bd2 O-O 10. O-O d6 11. Rad1 Nbd7 12. a4 a5 13. Rfe1 Ne4 14. Nxe4 Bxe4 15. Bc3
h6 16. Nd2 Nf6 17. Nxe4 Nxe4 18. Bf3 g5 19. g3 Rad8 20. Bxe4 fxe4 21. Qc2 d5 22.
Re2 gxf4 23. gxf4 Kh7 24. Kh1 Rg8 25. Rg1 Qf7 26. Reg2 Bf6 27. Rxg8 Rxg8 28. Rxg8
Qxg8 29. b4 Qg4 30. Qd2 axb4 31. Bxb4 dxc4 32. a5 bxa5 33. Bxa5 c6 34. Bb4 h5
35. Qg2 Qd1+ 36. Qg1 Qf3+ 37. Qg2 Qxe3 38. h3 Bxd4 39. Bd2 Qf3 0-1

[Event "XIII MIEDZYNARODOWY FESTIWAL SZACHOWY PERLA BALTYKU - GRUPA A"]
[Site "LAZY - OW BRYZA"]
[Date "1899-12-30"]
[Round "4.3"]
[White "Losinska, Aleksandra"]
[Black "Sygulski, Pawel"]
[Result "0-1"]
[WhiteTitle "I"]
[BlackTitle "k"]
[WhiteElo "1551"]
[BlackElo "2143"]

1. e4 c6 2. d4 d5 3. Nc3 dxe4 4. Nxe4 Bf5 5. Ng3 Bg6 6. h4 h6 7. N1e2 e6 8. Nf4
Bh7 9. c3 Nf6 10. Bc4 Bd6 11. Qb3 Qc7 12. Nge2 Nd5 13. Nh5 O-O 14. Qd1 Nd7 15.
Bd3 e5 16. Bxh7+ Kxh7 17. Nhg3 f5 18. dxe5 Bxe5 19. Qc2 Bxg3 20. Nxg3 Rae8+ 21.
Ne2 Qe5 22. Kf1 Nc5 23. a3 b5 24. c4 Nb3 25. cxd5 Nxa1 26. Qd3 Nb3 0-1

[Event "XIII MIEDZYNARODOWY FESTIWAL SZACHOWY PERLA BALTYKU - GRUPA A"]
[Site "LAZY - OW BRYZA"]
[Date "1899-12-30"]
[Round "4.4"]
[White "Stylinski, Piotr"]
[Black "Mielczarski, Miroslaw"]
[Result "0-1"]
[WhiteTitle "I"]
[BlackTitle "k"]
[WhiteElo "1815"]
[BlackElo "2095"]

1. e4 c5 2. Nc3 Nc6 3. Bc4 e6 4. Nf3 a6 5. a4 Nf6 6. O-O d5 7. exd5 exd5 8. Re1+
Be7 9. Bf1 Bg4 10. h3 Bh5 11. d3 O-O 12. g4 Bg6 13. Bg2 d4 14. Ne2 Nd5 15. Nf4
Nxf4 16. Bxf4 Bd6 17. Qd2 Qc7 18. Bxd6 Qxd6 19. Ng5 Rae8 20. Rxe8 Rxe8 21. Re1
f6 22. Rxe8+ Bxe8 23. Ne4 Qe5 24. Ng3 Bd7 25. b3 g6 26. Be4 Kg7 27. Kg2 b6 28.
f4 Qd6 29. Bf3 Nb4 30. f5 Nd5 31. Bxd5 Qxd5+ 32. Kh2 gxf5 33. Nh5+ Kf7 34. Qh6
Qe5+ 35. Kg2 Qe2+ 36. Kg3 Qe1+ 0-1

[Event "XIII MIEDZYNARODOWY FESTIWAL SZACHOWY PERLA BALTYKU - GRUPA A"]
[Site "LAZY - OW BRYZA"]
[Date "1899-12-30"]
[Round "4.5"]
[White "Nowak, Mikolaj"]
[Black "Darowicki, Mariusz"]
[Result "1/2-1/2"]
[WhiteTitle "I++"]
[BlackTitle "I++"]
[WhiteElo "2080"]
[BlackElo "1931"]

1. Nf3 Nf6 2. d4 g6 3. c4 Bg7 4. g3 c6 5. Bg2 d5 6. Nbd2 O-O 7. O-O Ne4 8. b3 Nc3
9. Qe1 c5 10. e3 cxd4 11. exd4 dxc4 12. Bb2 Nb5 13. Nxc4 Nc6 14. Rd1 Bg4 15. Qe3
Nb4 16. a4 Nd6 17. Nce5 Be6 18. Rc1 Bd5 19. Ba3 a5 20. Rfd1 Nf5 21. Qc3 Na2 22.
Qd3 Nxc1 23. Rxc1 Bxf3 24. Nxf3 Rc8 25. Rd1 Re8 26. Qe4 Qb6 27. Rd3 Nd6 28. Qd5
Qc7 29. Ne5 Qc2 30. Bxd6 Bxe5 31. dxe5 exd6 32. Qxd6 Rxe5 33. Bxb7 Rce8 34. Rf3
Qc5 35. Qxc5 Rxc5 36. Ba6 f5 37. Rd3 Re7 38. Bc4+ Kg7 39. Rd6 Rec7 40. Ra6 h6
41. Bb5 Rc3 42. Bc4 Rc5 43. Ra7+ Kf6 44. Ra6+ Kg7 45. Kg2 g5 46. Ra7+ Kf6 47.
Ra6+ Kg7 48. Ra7+ 1/2-1/2

[Event "XIII MIEDZYNARODOWY FESTIWAL SZACHOWY PERLA BALTYKU - GRUPA A"]
[Site "LAZY - OW BRYZA"]
[Date "1899-12-30"]
[Round "4.6"]
[White "Swiech, Przemyslaw"]
[Black "Franckowski, Janusz"]
[Result "1-0"]
[WhiteTitle "I++"]
[BlackTitle "I"]
[WhiteElo "2176"]
[BlackElo "2033"]

1. e4 e5 2. Nf3 Nc6 3. d4 exd4 4. Nxd4 Bc5 5. Nb3 Bb6 6. Nc3 Nge7 7. Qe2 d6 8.
Be3 O-O 9. O-O-O f5 10. exf5 Bxe3+ 11. Qxe3 Nxf5 12. Bc4+ Kh8 13. Qd2 Ne5 14.
Be2 Be6 15. f4 Nc4 16. Bxc4 Bxc4 17. g4 Nh4 18. Kb1 a5 19. Nd4 a4 20. f5 a3 21.
b3 Bg8 22. Rhf1 d5 23. Nde2 Ra6 24. Ng3 c5 25. Nh5 Bf7 26. f6 gxf6 27. Qh6 Bxh5
28. Rxd5 1-0

[Event "XIII MIEDZYNARODOWY FESTIWAL SZACHOWY PERLA BALTYKU - GRUPA A"]
[Site "LAZY - OW BRYZA"]
[Date "1899-12-30"]
[Round "4.7"]
[White "Budnik, Mateusz"]
[Black "Jedrocha, Katarzyna"]
[Result "1/2-1/2"]
[WhiteTitle "I++"]
[BlackTitle "k"]
[WhiteElo "1989"]
[BlackElo "1898"]

1. e4 c5 2. Nf3 d6 3. d4 cxd4 4. Nxd4 Nf6 5. Nc3 a6 6. h3 e5 7. Nde2 b5 8. Bg5
Nbd7 9. g4 Bb7 10. Bg2 Be7 11. Ng3 g6 12. Bh6 Bf8 13. Qd2 Bxh6 14. Qxh6 Ng8 15.
Qd2 Nb6 16. Rd1 Ne7 17. b3 Qc7 18. O-O Rd8 19. Nce2 O-O 20. c3 d5 21. Qh6 dxe4
22. Nxe4 Bxe4 23. Bxe4 Ned5 24. Ng3 Nf4 25. Nh5 Nxh5 26. gxh5 Qe7 27. hxg6 fxg6
28. Rxd8 Rxd8 29. Kh1 Rd6 30. Rg1 Qf7 31. Qg5 Nd7 32. c4 Nf6 33. Bg2 bxc4 34.
Qxe5 Re6 35. Qc5 cxb3 36. axb3 Kg7 37. Ra1 Qd7 38. Rc1 Rd6 39. Kh2 Rd2 40. b4
Qd6+ 41. Qxd6 Rxd6 42. Rc6 Rd4 43. Rb6 Ne4 44. Bf1 Nxf2 45. Bxa6 Nd3 46. b5 Nc5
47. Bc8 Rb4 48. Rb8 Na4 49. Bd7 Kf6 50. Bc6 h5 51. Rf8+ Kg7 52. Rf3 Nb6 53. Rg3
Rb2+ 54. Kg1 Nc4 55. Bd5 Nd6 56. Bc6 Nc4 57. Be8 Ne5 58. Kf1 Kf8 59. Bc6 Kg7 60.
Rc3 Kf6 61. Be8 Ke7 62. Re3 Kxe8 63. Rxe5+ Kf7 64. Ke1 Kf6 65. Rc5 Rb3 66. Rc6+
Kg5 67. b6 Kh4 68. Rxg6 Kxh3 69. Kd2 h4 70. Kc2 Rb5 71. Kc3 Kh2 72. Kc4 Rb2 73.
Kc5 h3 74. Kc6 Kh1 75. b7 h2 76. Rg8 Rxb7 77. Kxb7 1/2-1/2

[Event "XIII MIEDZYNARODOWY FESTIWAL SZACHOWY PERLA BALTYKU - GRUPA A"]
[Site "LAZY - OW BRYZA"]
[Date "1899-12-30"]
[Round "4.8"]
[White "Tustanowski, Mateusz"]
[Black "Litner, Igor"]
[Result "1-0"]
[WhiteTitle "I++"]
[BlackTitle "I+"]
[WhiteElo "1916"]
[BlackElo "1949"]

1. e4 d6 2. d4 Nf6 3. Nc3 Nbd7 4. Nf3 e5 5. Bc4 Be7 6. Bxf7+ Kxf7 7. Ng5+ Kg8 8.
Ne6 Qe8 9. Nxc7 Qg6 10. O-O Rb8 11. Be3 Nb6 12. dxe5 dxe5 13. Bxb6 axb6 14. N3d5
Kf7 15. f4 Bh3 16. Qf3 Bc5+ 17. Kh1 Nxd5 18. fxe5+ Kg8 19. exd5 Bg4 20. Qc3 h5
21. b4 Rc8 22. d6 Bxd6 23. exd6 Qxd6 24. Qc4+ Kh7 25. Qe4+ Qg6 26. Qxb7 Qxc2 27.
Nd5 Be2 28. Rfe1 b5 29. Nf4 Rhe8 30. Nxe2 Rc4 31. Ng3 Rxe1+ 32. Rxe1 Rxb4 33.
Qd5 Rb1 34. Qxh5+ Kg8 35. Qe8+ Kh7 36. h3 Qxa2 37. Qe4+ 1-0

[Event "XIII MIEDZYNARODOWY FESTIWAL SZACHOWY PERLA BALTYKU - GRUPA A"]
[Site "LAZY - OW BRYZA"]
[Date "1899-12-30"]
[Round "4.9"]
[White "Czaplewska, Klara"]
[Black "Szmidt, Przemyslaw"]
[Result "1-0"]
[WhiteTitle "k+"]
[BlackTitle "I++"]
[WhiteElo "1920"]
[BlackElo "1856"]

1. e4 c5 2. Nf3 Nf6 3. Nc3 d5 4. Bb5+ Bd7 5. Bxd7+ Qxd7 6. e5 Ne4 7. Ne2 Qg4 8.
O-O Ng5 9. Nxg5 Qxg5 10. d4 Qh5 11. Qd3 Qg6 12. dxc5 e6 13. Qb5+ Nd7 14. Qxb7
Rb8 15. Qxa7 Bxc5 16. Qa4 Ke7 17. Qh4+ Ke8 18. Nf4 Qxc2 19. Qg4 Kf8 20. Qg3 Qf5
21. Nd3 Bd4 22. Re1 h5 23. h4 Kg8 24. Qf3 Qxf3 25. gxf3 Kh7 26. Rb1 Rhc8 27. f4
Nb6 28. Be3 Bxe3 29. fxe3 Nc4 30. Kf2 Nd2 31. Rbc1 Ne4+ 32. Kf3 Nd2+ 33. Ke2 Ne4
34. Rxc8 Rxc8 35. Rc1 Ra8 36. a3 Ng3+ 37. Kd2 Nf5 38. Nc5 g6 39. a4 Rb8 40. b3
Nxh4 41. a5 Rb5 42. a6 Ra5 43. b4 Ra2+ 44. Kd3 Nf5 45. b5 1-0

[Event "XIII MIEDZYNARODOWY FESTIWAL SZACHOWY PERLA BALTYKU - GRUPA A"]
[Site "LAZY - OW BRYZA"]
[Date "1899-12-30"]
[Round "4.10"]
[White "Grzesik, Gracjan"]
[Black "Lada, Ireneusz"]
[Result "0-1"]
[WhiteTitle "I"]
[BlackTitle "k"]
[WhiteElo "1712"]
[BlackElo "1916"]

1. e4 d6 2. d4 g6 3. Nf3 Bg7 4. Bd3 Nc6 5. c3 e5 6. Be3 Bg4 7. d5 Nce7 8. h3 Bd7
9. c4 Nf6 10. Nc3 O-O 11. Qc2 Nh5 12. g4 Nf4 13. Bxf4 exf4 14. Nd2 a6 15. a4 Kh8
16. Ne2 f5 17. f3 c6 18. O-O Be5 19. Kg2 Rc8 20. Qb3 Qa5 21. Nc3 Qd8 22. Ne2 Ng8
23. Rf2 h5 24. Rh1 Nh6 25. Kf1 b5 26. dxc6 bxa4 27. Qxa4 Bxc6 28. Qc2 Rb8 29.
b3 fxg4 30. hxg4 h4 31. Rfh2 g5 32. Rf2 Qa5 33. Kg2 Bd7 34. Kh3 Qc5 35. Rfh2 Qe3
36. Kg2 Rf6 37. Nf1 Qc5 38. Kh3 Qb4 39. Nc1 a5 40. Be2 a4 41. Nd2 a3 42. Na2 Qc5
43. b4 Qe3 44. Nf1 Nxg4 45. Kg2 Qf2+ 46. Kh3 Nxh2# 0-1

[Event "XIII MIEDZYNARODOWY FESTIWAL SZACHOWY PERLA BALTYKU - GRUPA A"]
[Site "LAZY - OW BRYZA"]
[Date "1899-12-30"]
[Round "4.11"]
[White "Luczak, Filip"]
[Black "Bartoszewicz, Marcin"]
[Result "0-1"]
[WhiteTitle "I"]
[BlackTitle "I++"]
[WhiteElo "1865"]
[BlackElo "1915"]

1. Nf3 Nf6 2. g3 g6 3. Bg2 Bg7 4. O-O O-O 5. d4 d6 6. Nc3 Nbd7 7. e4 e5 8. Re1
Re8 9. d5 a5 10. Nd2 Nf8 11. Nc4 a4 12. f3 Bd7 13. g4 b5 14. Ne3 b4 15. Ne2 c5
16. Ng3 Bb5 17. Bf1 Bxf1 18. Rxf1 N6d7 19. Kg2 Nb8 20. Rh1 Na6 21. h4 Nc7 22.
c4 bxc3 23. bxc3 Nb5 24. Qd3 Qd7 25. Rb1 Reb8 26. Nc4 Qa7 27. Rxb5 Rxb5 28. Nxd6
Rbb8 29. Nb5 c4 30. Nxa7 cxd3 31. Nc6 d2 32. Ba3 Rb3 33. axb3 axb3 34. Rd1 Rxa3
35. Rxd2 Ra2 36. Nf1 b2 37. Nb4 b1=Q 38. Rxa2 f5 39. Nd2 Qe1 40. exf5 gxf5 41.
gxf5 Qe2+ 42. Kg1 Bh6 43. Nf1 Be3+ 44. Nxe3 Qxe3+ 45. Kg2 Qxc3 46. Nc6 Qc4 47.
Ra7 Qxh4 48. Re7 Qg5+ 49. Kf1 Qxf5 50. Rxe5 Qxf3+ 51. Kg1 Ng6 52. Re8+ Kg7 53.
Rd8 Nf4 54. Rd7+ Kh6 55. Rd6+ Kh5 0-1

[Event "XIII MIEDZYNARODOWY FESTIWAL SZACHOWY PERLA BALTYKU - GRUPA A"]
[Site "LAZY - OW BRYZA"]
[Date "1899-12-30"]
[Round "4.12"]
[White "Hilarecki, Grzegorz"]
[Black "Wysocki, Mieczyslaw"]
[Result "1-0"]
[WhiteTitle "k"]
[BlackTitle "I"]
[WhiteElo "2105"]
[BlackElo "1702"]

1. d4 f5 2. Nc3 Nf6 3. Bg5 g6 4. h4 Bg7 5. h5 Nxh5 6. Rxh5 gxh5 7. e4 O-O 8. Qxh5
c6 9. Bc4+ Kh8 10. e5 Qe8 11. Qh4 e6 12. O-O-O b5 13. Bd3 Na6 14. Nh3 Nb4 15.
Be2 Nd5 16. Bh5 Rf7 17. Bg6 Qg8 18. Nxd5 cxd5 19. Nf4 Bf8 20. Rh1 Bb7 21. Bf6+
Rxf6 22. Qxf6+ Bg7 23. Qg5 Qd8 24. Rxh7+ Kg8 25. Rxg7+ Kxg7 26. Nh5+ Kg8 27. Nf6+
Kg7 28. Bh5+ Kf8 29. Qg8+ 1-0

[Event "XIII MIEDZYNARODOWY FESTIWAL SZACHOWY PERLA BALTYKU - GRUPA A"]
[Site "LAZY - OW BRYZA"]
[Date "1899-12-30"]
[Round "4.13"]
[White "Malaczek, Mateusz"]
[Black "Straszewski, Tomasz"]
[Result "1-0"]
[WhiteTitle "II+"]
[BlackTitle "II+"]
[WhiteElo "1905"]
[BlackElo "1672"]

1. c4 e5 2. g3 Nf6 3. Bg2 d5 4. cxd5 Nxd5 5. Nf3 Nc6 6. O-O Bc5 7. Nxe5 Bxf2+ 8.
Rxf2 Nxe5 9. h3 O-O 10. d4 Nc4 11. Qd3 Ncb6 12. e4 Nb4 13. Qc3 Qe7 14. Bf4 c6
15. a3 Na6 16. Nd2 f5 17. Raf1 Be6 18. Be5 Qd7 19. Qe3 fxe4 20. Nxe4 Nc4 21. Qg5
Nxe5 22. dxe5 Rxf2 23. Rxf2 Qd8 24. Nf6+ Kh8 25. Nxh7 Qd1+ 26. Kh2 Kxh7 27. Be4+
1-0

[Event "XIII MIEDZYNARODOWY FESTIWAL SZACHOWY PERLA BALTYKU - GRUPA A"]
[Site "LAZY - OW BRYZA"]
[Date "1899-12-30"]
[Round "4.14"]
[White "Pietrucha, Jaroslaw"]
[Black "Karpinski, Andrzej"]
[Result "1/2-1/2"]
[WhiteTitle "I"]
[BlackTitle "I"]
[WhiteElo "1847"]
[BlackElo "1658"]

1. e4 d6 2. d4 Nf6 3. Nc3 g6 4. Be2 Bg7 5. Nf3 O-O 6. h3 c6 7. O-O b5 8. Bd3 Na6
9. Be3 Nc7 10. Ne2 Nd7 11. c3 e5 12. Qd2 Qe7 13. Bh6 Nb6 14. Bxg7 Kxg7 15. b3
f5 16. dxe5 dxe5 17. Nh2 f4 18. f3 Ne6 19. Rad1 Ng5 20. Bc2 Nf7 21. Kh1 h5 22.
Qe1 Be6 23. Qf2 Rad8 24. Bb1 c5 25. Bc2 a5 26. Qg1 Qc7 27. Rxd8 Rxd8 28. Rd1 Rxd1
29. Qxd1 Nd8 30. Nf1 Nc6 31. a3 Qe7 32. Qa1 g5 33. Nh2 g4 34. fxg4 hxg4 35. hxg4
Qh4 36. Kg1 Bxg4 37. Nxg4 Qxg4 38. Qf1 b4 39. axb4 axb4 40. Bd1 Qe6 41. cxb4 cxb4
42. Qf2 Nd7 43. Qh4 Nf6 44. Qg5+ Kf7 45. Nc1 Nd4 46. Nd3 Nd7 47. Bg4 Qxb3 48.
Qh5+ Kf8 49. Qh8+ Kf7 50. Bh5+ Ke7 51. Qg7+ Kd6 52. Qg6+ Kc7 53. Qa6 Qb1+ 54.
Kh2 b3 55. Bg4 Qa2 56. Qc4+ Nc6 57. Bxd7 Kxd7 58. Nc5+ Kc7 59. Nxb3 Qf2 60. Qc3
Qh4+ 61. Kg1 Qg3 62. Qxg3 fxg3 63. Kf1 Nd4 64. Nd2 Kd6 65. Nf3 Ke6 66. Ng1 Kf6
67. Ne2 Nxe2 68. Kxe2 Kg5 69. Kf3 Kh4 70. Ke2 Kg4 71. Ke3 Kg5 1/2-1/2